The narrow road to the Deep North : (Record no. 16144)
[ view plain ]
| 000 -LEADER | |
|---|---|
| fixed length control field | 00566cam a22002171a 4500 |
| 020 ## - INTERNATIONAL STANDARD BOOK NUMBER | |
| ISBN | 0140441859 |
| 020 ## - INTERNATIONAL STANDARD BOOK NUMBER | |
| ISBN | 9780140441857 |
| 040 ## - CATALOGING SOURCE | |
| Transcribing agency | DLC |
| 041 1# - LANGUAGE CODE | |
| Language code of original and/or intermediate translations of text | jpn |
| 082 04 - DEWEY DECIMAL CLASSIFICATION NUMBER | |
| Classification number | 952 MAT 1966 A104 Or. |
| 082 00 - DEWEY DECIMAL CLASSIFICATION NUMBER | |
| Classification number | 895.6132 |
| 100 1# - MAIN ENTRY--AUTHOR NAME | |
| Personal name | Matsuo, Bash¿, |
| 245 14 - TITLE STATEMENT | |
| Title | The narrow road to the Deep North : |
| Remainder of title | and other travel sketches / |
| 300 ## - PHYSICAL DESCRIPTION | |
| Number of Pages | 167 pages : |
| Other physical details | illustrations, maps ; |
| Dimensions | 18 cm |
| 490 1# - SERIES STATEMENT | |
| Series statement | Penguin classics |
| 650 #0 - SUBJECT ADDED ENTRY--TOPICAL TERM | |
| Topical Term | Voyages and travels |
| 650 #0 - SUBJECT ADDED ENTRY--TOPICAL TERM | |
| Topical Term | Travel writing |
| 650 #0 - SUBJECT ADDED ENTRY--TOPICAL TERM | |
| Topical Term | Haiku |
| 650 #0 - SUBJECT ADDED ENTRY--TOPICAL TERM | |
| Topical Term | Japanese literature |
| 942 ## - ADDED ENTRY ELEMENTS (KOHA) | |
| Koha item type | សៀវភៅភាសាអង់គ្លេស |
| 952 ## - LOCATION AND ITEM INFORMATION (KOHA) | |
| Withdrawn status [LOCAL, KOHA] | 0 |
| Permanent Location | Date acquired | Koha item type | Lost status | Shelving location | Barcode | Current Location | Full call number |
|---|---|---|---|---|---|---|---|
| Library Block A | 2018-01-16 | សៀវភៅភាសាអង់គ្លេស | A104 | A17276 | Library Block A | 952 MAT 1966 A104 Or. |